Southville International School and Colleges
Your cart is empty.
  • Cart
  • Lists
    Public lists Eva Luna New books Lux_list list_1
    Your lists Log in to create your own lists
  • Log in to your account
  • Your cookies
  • Search history
Southville International School and Colleges
  • Advanced search
  • Recent comments
  • Most popular
  • Libraries

Log in to your account

Log in with GOOGLE


If you do not have an external account, but do have a local account, you can still log in:

  1. Home
  2. MARC view: Phineas Gage :
Normal view MARC view ISBD view

Phineas Gage : (Record no. 35120)

[ view plain ]
MARC details
000 -LEADER
fixed length control field 01344cam a22003494a 4500
001 - CONTROL NUMBER
control field 12437958
003 - CONTROL NUMBER IDENTIFIER
control field ost
005 - DATE AND TIME OF LATEST TRANSACTION
control field 20140310184525.0
008 - FIXED-LENGTH DATA ELEMENTS--GENERAL INFORMATION
fixed length control field 010609s2002 maua b 001 0beng
010 ## - LIBRARY OF CONGRESS CONTROL NUMBER
LC control number 2001039253
020 ## - INTERNATIONAL STANDARD BOOK NUMBER
International Standard Book Number 0439562414
040 ## - CATALOGING SOURCE
Original cataloging agency DLC
Transcribing agency DLC
Modifying agency DLC
042 ## - AUTHENTICATION CODE
Authentication code pcc
-- lcac
043 ## - GEOGRAPHIC AREA CODE
Geographic area code n-us---
050 00 - LIBRARY OF CONGRESS CALL NUMBER
Classification number RC 387.5
Item number .F565 2003
100 1# - MAIN ENTRY--PERSONAL NAME
Personal name Fleischman, John,
Dates associated with a name 1948-
9 (RLIN) 30204
245 10 - TITLE STATEMENT
Title Phineas Gage :
Remainder of title a gruesome but true story about brain science /
Statement of responsibility, etc John Fleischman.
260 ## - PUBLICATION, DISTRIBUTION, ETC. (IMPRINT)
Place of publication, distribution, etc Boston :
Name of publisher, distributor, etc Scholastic Inc.,
Date of publication, distribution, etc 2003.
300 ## - PHYSICAL DESCRIPTION
Extent 86 p. :
Other physical details col. ill. ;
Dimensions 24 cm.
521 ## - TARGET AUDIENCE NOTE
Target audience note
526 ## - STUDY PROGRAM INFORMATION NOTE
Reading level 1030
600 10 - SUBJECT ADDED ENTRY--PERSONAL NAME
Personal name Gage, Phineas
General subdivision Mental health.
9 (RLIN) 30205
650 #0 - SUBJECT ADDED ENTRY--TOPICAL TERM
Topical term or geographic name as entry element Brain damage
General subdivision Patients
Geographic subdivision United States
Form subdivision Biography.
9 (RLIN) 30206
650 #0 - SUBJECT ADDED ENTRY--TOPICAL TERM
Topical term or geographic name as entry element Brain damage
General subdivision Complications.
9 (RLIN) 30207
650 #0 - SUBJECT ADDED ENTRY--TOPICAL TERM
Topical term or geographic name as entry element Personality disorders
General subdivision Etiology.
9 (RLIN) 30208
856 42 - ELECTRONIC LOCATION AND ACCESS
Materials specified Publisher description
Uniform Resource Identifier <a href="http://www.loc.gov/catdir/description/hm021/2001039253.html">http://www.loc.gov/catdir/description/hm021/2001039253.html</a>
856 42 - ELECTRONIC LOCATION AND ACCESS
Materials specified Contributor biographical information
Uniform Resource Identifier <a href="http://www.loc.gov/catdir/enhancements/fy0735/2001039253-b.html">http://www.loc.gov/catdir/enhancements/fy0735/2001039253-b.html</a>
906 ## - LOCAL DATA ELEMENT F, LDF (RLIN)
a 7
b cbc
c orignew
d 4
e ocip
f 20
g y-gencatlg
942 ## - ADDED ENTRY ELEMENTS (KOHA)
Source of classification or shelving scheme Library of Congress Classification
Koha item type
Holdings
Withdrawn status Lost status Source of classification or shelving scheme Damaged status Home library Current library Shelving location Date acquired Total Checkouts Total Renewals Full call number Barcode Date last seen Date checked out Copy number Price effective from Koha item type
    Library of Congress Classification   Luxembourg Library Luxembourg Library Scholastic Reading Center Section 10/22/2013 1 2 RC 387.5 .F565 2003 SCHO0194 10/13/2017 09/13/2017 1 10/22/2013 Books

Phineas Gage :

APA

Fleischman J., . (2003). Phineas Gage. Boston: Scholastic Inc.

Chicago

Fleischman John, . 2003. Phineas Gage. Boston: Scholastic Inc.

Harvard

Fleischman J., . (2003). Phineas Gage. Boston: Scholastic Inc.

MLA

Fleischman John, . Phineas Gage. Boston: Scholastic Inc. 2003.

  • Place hold
  • Print
  • Cite
  • Add to your cart (remove)
  • Save record
    BIBTEX Dublin Core MARCXML MARC (non-Unicode/MARC-8) MARC (Unicode/UTF-8) MARC (Unicode/UTF-8, Standard) MODS (XML) RIS
  • More searches
    Search for this title in:
    Other Libraries (WorldCat) Other Databases (Google Scholar) Online Stores (Bookfinder.com) Open Library (openlibrary.org)

Exporting to Dublin Core...

SOUTHVILLE LIBRARY

Southville International School and Colleges Library

1281 Tropical Ave. Cor. Luxembourg St., BF Homes International, Las Pinas City

Tel. No. 8256374 / 252358 Loc. 117/146

Powered by Koha